00462nam a2200169Ia 4500003000400000008004100004040001600045082001500061100002000076245008800096260002800184300001100212650002200223650001900245650001300264650001500277GCL140319s9999 xx 000 0 eng d aGCL / cGCL04a004.6bP U1 aPIKE, MARY ANNE10aUSING THE INTERNET WITH WINDOWS 95: THE MOST COMPLETE REFERENCE / cPIKE, MARY ANNE a[S.N] : bQUE ، c1996 a1296 P04aشعر الحرب04aWORLD WIDE WEB04aINTERNET04aWINDOWS 95